000 01151cam a22003254a 4500
999 _c21220
_d21220
001 15105348
003 OSt
005 20200610143444.0
008 071121s2008 ii a b 001 0 eng
010 _a 2007375930
020 _a9788189920661
025 _aI-E-2007-375930; 07
035 _a(IN-NdUBS)UBS07003200
037 _bLibrary of Congress -- New Delhi Overseas Office
_cRs895.00
040 _aDLC
_coclc
042 _alcode
043 _aa-ii---
050 0 0 _aDS423
_b.L66 2008
082 _a294.509
_bLON/T
100 _aLondhe, Sushama
_92748
245 1 2 _aA tribute to Hinduism :
_bthoughts and wisdom spanning continents and time about India and her culture /
_cSushama Londhe.
260 _aNew Delhi :
_bPragun Publication :
_bDistributed by D.K. Publishers Distributors,
_c2008.
300 _a549 p. :
504 _aIncludes bibliographical references (p. [489]-542) and index.
650 0 _aPhilosophy, Indic.
651 0 _aIndia
_xCivilization.
906 _a7
_bcbc
_corigode
_d3
_encip
_f20
_gy-gencatlg
942 _2ddc
_cBK
_h294.509
_iLON/T
_k294.509
_mLON/T